000 00368cam a22001217a 4500
008 180718b1965 xxu||||| |||| 00| 0 eng d
082 _aA81x54 In2/61/4/PT1C
100 _aCensus of India 1961
245 _aBihar: subsidiary tables
260 _aDelhi
_bThe Manager of Publications
_c1965
300 _a651+p.
440 _aCensus of India 1961. Volume IV, Bihar. Part-1C
999 _c483904
_d483904